| 000 | 01063cam6a220031300 4500 | ||
|---|---|---|---|
| 001 | lce00781042 | ||
| 005 | 20190826085825.0 | ||
| 008 | 731206s1972 paua b 001 0 eng | ||
| 010 | _a 72084736 //r902 | ||
| 020 | _a0912920068 | ||
| 035 | _a(Sirsi) r59514 | ||
| 035 | _a(DLC) 72084736 //r902 | ||
| 035 | _a(UPRA)lce00781042 | ||
| 040 |
_aDLC _cDLC _dDLC _dICU _dUPRA |
||
| 050 | 0 | 0 |
_aTD175 _b.W55 |
| 082 | 0 | 0 | _a301.31 |
| 100 | 1 |
_aWhite, William, 1934- _dWhite, William, 1934- _6A18848.1 |
|
| 245 | 1 | 0 |
_aNorth American reference encyclopedia of ecology and pollution / _ceditors: William White, Jr. and Frank J. Little, Jr. |
| 260 |
_aPhiladelphia : _bNorth American Pub. Co., _c[c1972] |
||
| 440 | 0 |
_aNorth American reference library _6S3930.1 |
|
| 500 | _aOn spine: 2. | ||
| 504 | _aBibliography: p. 281-314. | ||
| 650 | 0 |
_aPollution. _6S1061.1 |
|
| 650 | 0 |
_aEcology. _6S803.1 |
|
| 700 | 1 |
_aLittle, Frank J. _6A18849.1 |
|
| 740 | 0 | _aEcology and pollution. | |
| 949 |
_aTD175 _wlcc _i33729001890594 _mMAIN _p2500 _tBOOK _lON-SHELF |
||
| 004 | 59514 | ||
| 999 |
_c158156 _d158156 |
||